Mario Kart Tracks by Appearances #2 - Statistics

General Stats
  • This quiz has been taken 10 times
  • The average score is 19 of 40
Answer Stats
Appears in Cups
Renamed in future appearances?
Answer % Correct
SuperSuper Circuit 7 8 (Deluxe) SpecialExtra Special Lightning Triforce No Rainbow Road
89%
Wii8 Deluxe SpecialSpiny No Rainbow Road
89%
Wii8 (Deluxe) FlowerTriforce No Wario's Gold Mine
89%
DS7 World StarLightning Flower No Airship Fortress
78%
Wii7 8 Deluxe MushroomShell Propeller No Mushroom Gorge
78%
Super Circuit8 Deluxe MushroomFruit No Riverside Park
78%
64Wii StarLightning No Bowser's Castle
67%
Double Dash!!DS FlowerLeaf No Mushroom Bridge
67%
78 (Deluxe) StarBell Yes Neo Bowser City
67%
Double Dash!!8 (Deluxe) StarLeaf No Sherbet Land
67%
Double Dash!!DS 8 (Deluxe) StarLightning Egg No Yoshi Circuit
67%
64Wii FlowerShell Yes Mario Raceway
56%
Double Dash!!Wii World MushroomShell Banana No Peach Beach
56%
78 Deluxe SpecialSpiny No Rosalina's Ice World
56%
DS Special No Bowser Castle
44%
SuperSuper Circuit 8 Deluxe StarExtra Star Spiny Yes Bowser Castle 3
44%
Super CircuitWii StarLeaf Yes Bowser Castle 3
44%
Super Circuit8 (Deluxe) FlowerCrossing No Cheese Land
44%
Double Dash!!7 8 Deluxe FlowerLeaf Feather No Daisy Cruiser
44%
Super Circuit Special No Lakeside Park
44%
7 Star No Maka Wuhu
44%
78 Deluxe MushroomGolden Dash No Toad Circuit
44%
64DS SpecialLightning No Banshee Boardwalk
33%
Super Circuit Special Yes Bowser Castle 4
33%
64DS FlowerBanana No Frappe Snowland
33%
SuperSuper Circuit DS World SpecialExtra Special Leaf Shell Yes Koopa Beach 2
33%
647 MushroomBanana Yes Koopa Troopa Beach
33%
DS7 MushroomShell No Luigi's Mansion
33%
Double Dash!!Wii FlowerLeaf No Mario Circuit
33%
DS8 Deluxe StarBoomerang No Mario Circuit
33%
SuperSuper Circuit 7 World MushroomExtra Flower Banana Special Yes Mario Circuit 2
33%
SuperSuper Circuit Wii 8 Deluxe World StarExtra Lightning Turnip Special Yes Mario Circuit 3
33%
Double Dash!! Star No Mushroom City
33%
DS8 (Deluxe) StarLightning No Tick-Tock Clock
33%
Super Circuit8 Deluxe FlowerRock No Boo Lake
22%
Super Circuit Special No Broken Pier
22%
Wii8 Deluxe StarAcorn No Daisy Circuit
22%
Wii Special No Dry Dry Ruins
22%
SuperSuper Circuit Wii FlowerExtra Flower Shell No Ghost Valley 2
22%
Wii8 (Deluxe) StarLightning No Grumble Volcano
11%
No matching quizzes found
Score Distribution
Percent of People with Each Score
Percentile by Number Answered
Your Score History
You have not taken this quiz